[Event "Jaffna op"]
[Site "Jaffna"]
[Date "2023.12.10"]
[Round "5"]
[White "Sivathanujan, S."]
[Black "Nanayakkara, Sanuk"]
[Result "1-0"]
[WhiteElo "1813"]
[BlackElo "1446"]
[PlyCount "147"]
[EventDate "2023.12.08"]
[EventType "swiss"]
[EventRounds "10"]
[EventCountry "SRI"]
[SourceTitle "CB51_2023"]
[SourceDate "2023.12.20"]
[SourceVersion "1"]
[SourceVersionDate "2023.12.20"]
[SourceQuality "1"]

1. e4 c5 2. Nf3 a6 3. c3 d5 4. exd5 Nf6 5. d4 cxd4 6. c4 Qa5+ 7. Qd2 Qxd2+ 8. Nbxd2 e6 9. dxe6 fxe6 10. Nxd4 e5 11. Nc2 Nc6 12. Be2 Bc5 13. Nb3 Bb4+ 14. Nxb4 Nxb4 15. 0-0 Bf5 16. Bd2 Nd3 17. Bxd3 Bxd3 18. Rfe1 Nd7 19. Nc5 Bxc4 20. Nxb7 0-0 21. Bc3 Bf7 22. Nd6 Rab8 23. b3 Rb6 24. Nxf7 Kxf7 25. Bxe5 Rc6 26. Bd4 Rd6 27. Rad1 Rc8 28. Bxg7 Rxd1 29. Rxd1 Nc5 30. Bh6 Ne4 31. Rc1 Rd8 32. f3 Nf6 33. Bg5 Rd6 34. Bxf6 Kxf6 35. Rc2 Ke5 36. Kf2 Rh6 37. h3 Kd4 38. Ke2 Re6+ 39. Kd2 Rg6 40. Rc4+ Kd5 41. Rg4 Rd6 42. Kc3 Rc6+ 43. Rc4 Rg6 44. Rd4+ Kc5 45. b4+ Kb5 46. Rd5+ Kc6 47. Rc5+ Kb6 48. g4 Rf6 49. Rf5 Rh6 50. Rh5 Rf6 51. Rxh7 Rxf3+ 52. Kc4 Rf4+ 53. Kb3 Kb5 54. a4+ Kb6 55. a5+ Kc6 56. Ra7 Rf3+ 57. Ka4 Rxh3 58. Rxa6+ Kb7 59. Rb6+ Kc7 60. Rg6 Rh1 61. a6 Kb8 62. Kb5 Rh8 63. Rg7 Rh6 64. g5 Re6 65. Ka5 Ka8 66. b5 Kb8 67. b6 Re5+ 68. Kb4 Re8 69. g6 Rf8 70. Rf7 Rc8 71. g7 Ka8 72. b7+ Ka7 73. bxc8N+ Kxa6 74. Ra7# 1-0

[Event "SRI-chB"]
[Site "Colombo"]
[Date "2023.03.10"]
[Round "7"]
[White "Sivathanujan, S."]
[Black "Gnanaseelan, Jude Dorison"]
[Result "0-1"]
[WhiteElo "1834"]
[BlackElo "1459"]
[PlyCount "135"]
[EventDate "2023.03.04"]
[EventType "swiss"]
[EventRounds "11"]
[EventCountry "SRI"]
[SourceTitle "CBM 213 Extra"]
[Source "ChessBase"]
[SourceDate "2023.05.31"]
[SourceVersion "1"]
[SourceVersionDate "2023.05.31"]
[SourceQuality "1"]

1. e4 c6 2. d4 d5 3. f3 g6 4. Be3 Bg7 5. Qd2 a5 6. Nc3 a4 7. a3 e6 8. h4 h5 9. Nge2 Nd7 10. Bg5 Ne7 11. g4 Nb6 12. b3 hxg4 13. fxg4 e5 14. h5 exd4 15. Nxd4 Bxg4 16. h6 Be5 17. Rg1 Qd7 18. Bxe7 Kxe7 19. exd5 Rae8 20. Be2 Bxe2 21. Ndxe2 Kf8 22. 0-0-0 axb3 23. cxb3 Qd6 24. dxc6 Qxa3+ 25. Kc2 bxc6 26. Ra1 Qc5 27. Rgd1 Nd5 28. Rdc1 Nxc3 29. Nxc3 Qxc3+ 30. Qxc3 Bxc3 31. Kxc3 Rxh6 32. Ra6 Re6 33. Kb2 g5 34. Ra5 g4 35. Rg1 Rhg6 36. Rf5 Re4 37. Rg3 Ke7 38. Kc3 Ke6 39. Rc5 Kd6 40. Rf5 f6 41. Rd3+ Kc7 42. Rg3 Re5 43. Rxe5 fxe5 44. Kd3 Kd6 45. Ke4 Rg5 46. b4 Ke6 47. Rc3 Kd6 48. Rg3 Kc7 49. Kd3 Kb7 50. Kc3 Ka6 51. Kc4 Kb6 52. Kc3 Ka6 53. Kc4 Kb6 54. Kb3 Kb5 55. Kc3 e4 56. Kb3 e3 57. Rxe3 g3 58. Re1 g2 59. Rg1 Rg3+ 60. Kb2 Kxb4 61. Kc2 c5 62. Kd2 c4 63. Kc2 c3 64. Rb1+ Kc4 65. Rd1 Rf3 66. Rg1 Rf2+ 67. Kc1 Kb3 68. Rh1 0-1

[Event "Colombo Golden Jubilee op"]
[Site "Colombo"]
[Date "2022.11.27"]
[Round "9"]
[White "Sivathanujan, S."]
[Black "Liyanage, Ranindu Dilshan"]
[Result "1/2-1/2"]
[WhiteElo "1731"]
[BlackElo "2331"]
[PlyCount "47"]
[EventDate "2022.11.23"]
[EventType "swiss"]
[EventRounds "9"]
[EventCountry "SRI"]
[SourceTitle "CBM 211 Extra"]
[Source "ChessBase"]
[SourceDate "2023.01.31"]
[SourceVersion "1"]
[SourceVersionDate "2023.01.31"]
[SourceQuality "1"]

1. e4 e6 2. d4 d5 3. Nd2 Be7 4. Bd3 Nf6 5. Ne2 c5 6. exd5 Qxd5 7. Bb5+ Nbd7 8. Nf3 cxd4 9. Bxd7+ Bxd7 10. Qxd4 Qa5+ 11. Qd2 Qb6 12. 0-0 Rd8 13. Ned4 Bc6 14. Qc3 Bb4 15. Qc4 Bd5 16. Qe2 Rc8 17. Rd1 Bc4 18. Qe5 Bd6 19. Qe1 0-0 20. b3 Bd5 21. c4 Be4 22. Bg5 Bg6 23. Nb5 Bb8 24. Ne5 1/2-1/2

[Event "Madurai Athens of the East op 2nd"]
[Site "Madurai"]
[Date "2022.06.28"]
[Round "1"]
[White "Tran, Tuan Minh"]
[Black "Sivathanujan, S."]
[Result "1-0"]
[WhiteElo "2513"]
[BlackElo "1736"]
[PlyCount "125"]
[EventDate "2022.06.28"]
[EventType "swiss"]
[EventRounds "10"]
[EventCountry "IND"]
[SourceTitle "EXT 2023"]
[Source "ChessBase"]
[SourceDate "2022.10.05"]
[SourceVersion "1"]
[SourceVersionDate "2022.10.05"]
[SourceQuality "1"]

1. d4 d5 2. Nf3 Nf6 3. c4 c6 4. e3 Bf5 5. Nc3 e6 6. Nh4 Be4 7. f3 Bg6 8. Be2 Nbd7 9. Bd2 c5 10. Nxg6 hxg6 11. cxd5 Nxd5 12. Nxd5 exd5 13. Qb3 cxd4 14. Qxd5 dxe3 15. Bxe3 Bb4+ 16. Kf2 Qh4+ 17. g3 Qe7 18. Bb5 Rh5 19. Qxb7 Rd8 20. Rad1 Bc5 21. Bxd7+ Rxd7 22. Qc8+ Qd8 23. Qxd8+ Kxd8 24. Rxd7+ Kxd7 25. Rd1+ Ke6 26. h4 Bxe3+ 27. Kxe3 Re5+ 28. Kf2 Rc5 29. Re1+ Kd6 30. Re4 a5 31. b3 Rc2+ 32. Re2 Rc3 33. g4 Rd3 34. Kg3 Rc3 35. Re4 Rc2 36. Ra4 Rc5 37. Kf4 Ke6 38. Ke3 Kd6 39. Rd4+ Ke6 40. Rc4 Rd5 41. Rc6+ Kd7 42. Ra6 Ke7 43. Ke4 Rb5 44. Kd3 Rd5+ 45. Kc4 Re5 46. a4 Re3 47. Rxa5 Rxf3 48. Re5+ Kd6 49. Re4 f5 50. Rd4+ Kc6 51. b4 Rf1 52. b5+ Kc7 53. Kd5 Kb6 54. g5 Re1 55. Rc4 Kb7 56. a5 Rb1 57. Kc5 Re1 58. a6+ Ka7 59. Kc6 Re6+ 60. Kd5 Re7 61. Kd6 Rf7 62. Rc7+ Rxc7 63. Kxc7 1-0